00197nam a2200085 a 4500003000200000005001700002008004100019050001800060245003300078020240920133300.0970101s19uu xx 00 eng d aVHS 900bR 01 aAegean :blegacy of Atlantis